[Event "Rubinstein Memorial 38th"]
[Site "Polanica Zdroj"]
[Date "2006.08.20"]
[Round "1"]
[White "Laznicka, Viktor"]
[Black "Atalik, Suat"]
[Result "1-0"]
[WhiteElo "2602"]
[BlackElo "2619"]
[Annotator "Atalik,S"]
[PlyCount "79"]
[EventDate "2006.08.20"]
[EventType "tourn"]
[EventRounds "9"]
[EventCountry "POL"]
[EventCategory "13"]
[SourceTitle "CBM 113 Extra"]
[Source "ChessBase"]
[SourceDate "2006.09.14"]
[SourceVersion "1"]
[SourceVersionDate "2006.09.14"]
[SourceQuality "1"]

1. e4 e5 2. Nf3 Nc6 3. Bb5 a6 4. Bxc6 {Exchange Variation is the favorite of
Laznicka in Ruy Lopez.In deed it fits his positional style.} dxc6 5. O-O f6 6.
d4 exd4 7. Nxd4 c5 8. Ne2 ({I always find} 8. Nb3 Qxd1 9. Rxd1 Bg4 10. f3 Be6
$5 $14 {is more dangerous for black.}) 8... Qxd1 9. Rxd1 Bd7 10. Nbc3 O-O-O 11.
Be3 Re8 12. Rd2 Bc6 13. Rad1 b6 14. Nf4 $6 (14. f3 Ne7 15. Nf4 Ng6 16. Nxg6
hxg6 17. Bf4 $11) 14... Nh6 $1 $36 15. Nfd5 Ng4 16. Bf4 Ne5 17. b3 Kb7 ({
I really do not believe in black's compensation for the pawn after} 17... c4 $6
18. Bxe5 fxe5 19. bxc4 Bc5 20. Kf1 $16) 18. Ne3 h5 19. h4 g5 $1 {black takes
over the initiative by simple means} 20. Bg3 (20. hxg5 Ng6 (20... fxg5 $6 21.
Bxg5 Rg8 22. f4 Be7 23. Bxe7 Nf3+ 24. Kf2 Nxd2 25. Rxd2 Rxe7 26. Nf5 Rf7 27.
Nd5 $44) 21. Bh2 fxg5 22. Ned5 Bg7 $40) 20... gxh4 21. Bxh4 Rg8 22. Kf1 (22.
Kh1 Bh6 23. Re2 Bxe3 (23... Ng6 24. Nf5 (24. Bxf6 $2 Rgf8 (24... Ref8 $2 25.
Ned5 $16) 25. e5 Nxe5 26. Bxe5 Rxe5 $17) 24... Nxh4 25. Nxh4 $11) 24. Rxe3 f5
25. f3 fxe4 26. Nxe4 Ng4 27. Re2 Bxe4 28. fxe4 Re6 $17) 22... Bh6 23. Re2 (23.
Ned5 Bxd2 24. Rxd2 Nd7 $17) 23... Bxe3 (23... Ng6 24. Nf5) 24. Rxe3 Ng4 $1 (
24... f5 25. f3 fxe4 26. Nxe4 Ng6 (26... Ng4 27. Nxc5+ bxc5 28. Rxe8 Rxe8 29.
fxg4 $14 {makes the difference between 22.Kf1 and 22.Kh1 since now white king
controls e2 square.}) 27. Bf2 h4 $13) 25. Rh3 Bxe4 {I have lost some time to
make the sacrifice work but it does not.} (25... f5 $2 26. exf5 Nxf2 27. Kxf2
Rxg2+ 28. Kf1 Re5 29. Bf2 (29. Nd5 $2 Rxd5 30. Rxd5 Bxd5 31. c4 Bc6 32. f6 Rg4
$17) 29... Rxf5 30. Rd2 $16) 26. Nxe4 Rxe4 27. Bg3 f5 $2 {Wrong move.I had to
keep the pawn passively.} (27... Re7 28. Rxh5 Ne3+ 29. fxe3 Rxg3 30. Rf5 Rgxe3
31. Rxf6 $11) (27... Rh8 $1 28. Rd7 Ne5 29. Bxe5 (29. Re7 Rd8) 29... Rxe5 $17)
28. Rxh5 {Draw offer} f4 $138 29. Bh2 Rge8 (29... Rf8 {was safe.}) (29... Nxh2+
30. Rxh2 Rge8 31. Rh4 Re2 32. Rc1 $11 ({or} 32. Rxf4 Rxc2 33. Ra1 $11)) 30. Bg1
Re2 $13 31. Rh4 $2 {He had two better lines than this.} (31. Rf5 Rxc2 32. Rxf4
Nh6 33. g4 Rg8 34. f3 Rxa2 $13) (31. f3 Nf6 32. Rf5 Ng8 $13) 31... Nf6 32. Rxf4
Nd5 $1 {The point behind my play.} 33. Rf3 (33. Rc4 Nb4) 33... Rxc2 34. g4 Kc6
$6 {An unnecessary move.} (34... Nc3 $1 $17) (34... Rd8 $2 35. Re1 $44 (35.
Rdd3 Nf4)) 35. g5 Nc3 $2 (35... Rxa2 36. g6 Rg8 37. Rg3 Rg7 38. Re1 Rd2 $17)
36. Rdd3 Ne4 37. Rfe3 b5 38. g6 c4 (38... Rc1+ $2 39. Kg2 Re6 40. g7 Rg6+ 41.
Rg3 $18) 39. bxc4 $2 {Time trouble has its role in this part of the game.} (39.
Rd4 $1 {wins due to the strenght of g pawn.} Rc1+ 40. Kg2 c3 41. Rdxe4 Rxe4 42.
Rxe4 c2 43. Bh2 Rg1+ 44. Bxg1 c1=Q 45. Rg4 $18) 39... Rxc4 40. f3 $138 {
Here something really stupid happenned.Since I have forgotten to write 30th
moves for both sides and went on the other side of the scoresheet I have
thought that we alhave already made the time control.However after coming back
from the bathroom main arbiter of the tournament IM Andrej Filipowicz informed
me that I have lost on time.} ({I was expecting} 40. f4 $1 Rg8 41. f5 Nd6 42.
Rxd6+ cxd6 $13) ({After the move Viktor played} 40. f3 {I had two choices
either to force a draw or to carry on.} Ng3+ (40... Rc1+ 41. Kg2 Rc2+ 42. Kf1 (
42. Kh3 $2 Rh8+ 43. Kg4 Rg2+ 44. Kf5 Nc5 $19) 42... Rc1+ $11 (42... Ng3+ {
was my idea but seems risky.} 43. Ke1 Re2+ (43... Rxe3+ $2 44. Bxe3 (44. Rxe3
Nh5) 44... Nf5 45. Bg5 Rg2 46. f4 $16) 44. Kd1 R2xe3 45. Rxe3 Rg8 46. Re6+ Kd7
47. Rf6 Nh5 48. Rxa6 Nf4 $11)) 41. Ke1 Rg8 42. Re6+ Kb7 43. f4 Nf5 44. Bf2 Rxf4
45. Rd7 Ra4 $5 $36) 1-0

[Event "SRB-chT Central"]
[Site "Kragujevac"]
[Date "2013.09.17"]
[Round "4.2"]
[White "Markovic, Zoran S"]
[Black "Atalik, Suat"]
[Result "0-1"]
[WhiteElo "2363"]
[BlackElo "2566"]
[Annotator "Atalik,S"]
[PlyCount "126"]
[EventDate "2013.09.14"]
[EventType "team-tourn"]
[EventRounds "11"]
[EventCountry "SRB"]
[SourceTitle "CBM 158"]
[Source "ChessBase"]
[SourceDate "2014.01.16"]
[SourceVersion "1"]
[SourceVersionDate "2014.01.16"]
[SourceQuality "1"]
[WhiteTeam "Petrovac Sloga"]
[BlackTeam "Kraljevo Sloga Turist"]
[WhiteTeamCountry "SRB"]
[BlackTeamCountry "SRB"]

1. e4 e5 2. Nf3 Nc6 3. Bb5 a6 4. Bxc6 dxc6 {Since the Exchange Spanish has
always been a weight for me to bear I had prepared seriously for this game.} 5.
O-O f6 6. d4 Bg4 7. dxe5 (7. c3 Qe7 $1 $13) 7... Qxd1 8. Rxd1 fxe5 9. Rd3 Bd6
10. Nbd2 b5 $5 {I have a higher opinion for this move than have many people.} (
10... Nf6 11. Nc4 O-O 12. Nfxe5 Be2 13. Re3 Bxc4 14. Nxc4 Ng4 15. Re2 Bxh2+ 16.
Kh1 $5 $11 {I consider this position more or less equal.}) 11. b3 Nf6 $5 {
This is no worse} ({than the regular} 11... Ne7 12. Bb2 Ng6 13. g3 $14) 12. Bb2
Nd7 13. h3 Bh5 (13... Bxf3 $5 14. Nxf3 O-O $14) 14. Nh4 {This allows long
castling.} (14. a4 $142 O-O $8 (14... O-O-O $2 $13 15. axb5 axb5 16. g4 Bg6 17.
Nxe5 $18)) 14... O-O-O 15. Ndf3 (15. Nf5 Nc5 16. Re3 Ne6 17. Nf1 (17. Nxd6+
Rxd6 $5 $36 (17... cxd6 $11)) 17... Bc5 18. Ree1 Rhe8 $13) 15... Rhf8 {I was
relying on the possibilities offered by the activity of my pieces.} 16. Re1 Nc5
17. Rde3 {However I was stuck here.} Rde8 (17... Ne6 $6 18. Bxe5 (18. Nxe5 Bc5)
18... Bxe5 19. Nxe5 Rd2 20. g4 Be8 21. R3e2 $16) 18. Nf5 (18. g4 Bf7 19. Nf5 g6
20. Nh6 Bg8 21. Nxg8 (21. Ng5 Ne6) 21... Rxg8 22. Ng5 h6 23. Nf7 Rgf8 24. Rf3
Ne6 25. Rd1 Bc5 $40 {and Black builds up a nasty initiative.}) 18... Bxf3 19.
Rxf3 g6 20. Nh4 $5 (20. Nxd6+ cxd6 21. Rxf8 Rxf8 22. Ba3 Nb7 $1 $13 (22... Rd8
23. Bxc5 dxc5 24. Kf1 Rd4 25. f3 c4 $11)) 20... Rf4 21. Rxf4 exf4 22. e5 Be7
23. Nf3 Ne6 24. Rd1 {The position which has evolved on the board is much more
complicated than it looks. White has the better structure but the blockader on
e6 and the possibility of pawn pushes mean that Black can at least maintain
the equilibrium.} (24. Nd4 $6 Nxd4 25. Bxd4 Rd8 $17) 24... c5 25. Kf1 Kb7 26.
Ke2 Kc6 27. c4 Rb8 $1 28. Bc3 b4 29. Bb2 a5 $11 {So far this is all I could
get out of the opening.} 30. Kd3 $6 {A little bit of a negative approach by my
opponent who somewhere around these moves offered a draw.} Rd8+ 31. Kc2 Rf8 32.
Kd3 (32. a4 g5 33. Nd2 h5 34. Ne4 $11) 32... g5 33. Ke2 (33. Ke4 a4 $40) 33...
a4 34. Kd3 axb3 {For better or for worse I had to open the a-file.} (34... a3
35. Bc1 h5 36. Ke4 g4 37. hxg4 hxg4 38. Nh2 Ng5+ 39. Kd3 g3 40. fxg3 fxg3 41.
Ng4 Rd8+ 42. Ke2 Rxd1 43. Kxd1 Ne4 44. Kc2 Bg5 (44... Nc3 $2 45. Bxa3) 45. Bxg5
Nxg5 46. Nf6 Nf3 $1 47. Ne4 Ne1+ 48. Kd2 Nxg2 49. Nxg3 Nf4 50. Ke3 Ne6 51. Nf5
Kd7 52. Ke4 c6 $11) 35. axb3 h5 36. Ra1 $2 {This seemingly active move brings
White in dire straits.} (36. Nh2 Rd8+ (36... f3 37. g3 (37. Nxf3 $2 g4 38. hxg4
hxg4 39. Nh2 Rxf2 40. Rd2 Nf4+ 41. Ke3 Rxd2 42. Kxd2 g3 43. Nf1 Bh4 44. Ne3 Kd7
$17) 37... h4 38. Rf1 $5 {contains risks for Black as well.}) (36... Ra8 37.
Ra1 Rd8+ 38. Kc2 $11) 37. Kc2 Rxd1 38. Kxd1 Kd7 39. Ke2 Nd8 40. Kd3 Ke6 41. Ke4
Nc6 42. Nf3 Na5 43. Nd2 Bf8 $11) 36... g4 37. hxg4 hxg4 38. Ne1 (38. Nh2 Rg8)
38... Rh8 $2 {A bad mistake due to miscalculation.} (38... Bh4 39. Ke2 Kd7 $17)
39. Ke4 Rf8 (39... Rh1 $2 40. Nd3 $18) 40. Ra6+ Kd7 41. Kd3 $2 {After this
Black repaired the bad mistake.} (41. Nd3 c6 $1 (41... Ng5+ 42. Kd5 Rf5 43. Bc1
$1 $18) (41... g3 42. f3 c6 43. Ra7+ Ke8 44. Ne1 Ng5+ 45. Kd3 Rh8 46. Ra8+ Bd8
$11) 42. Ra7+ Ke8 43. Ra8+ Bd8 44. Ne1 Ng5+ 45. Kd3 Rh8 46. Bc1 Ne6 47. Ke4 Rf8
$11) (41. Kd5 c6+ 42. Rxc6 Nc7+ 43. Rxc7+ Kxc7 44. Nd3 f3 45. g3 Rd8+ 46. Ke4
Kc6 47. e6 Rd6 48. Be5 Rxe6 49. Kf5 Rh6 50. Kxg4 Rh1 51. Kxf3 Rb1 52. Bb2 $11)
41... Bh4 $1 42. Ke2 Ke7 43. Ra1 Rd8 44. Nd3 f3+ (44... Bg5 45. f3 gxf3+ 46.
gxf3 Rh8 47. Rf1 $15) 45. gxf3 gxf3+ 46. Ke3 Bg5+ 47. Ke4 Bd2 $1 48. Ne1 $2 {
He had to sacrifice the exchange.} (48. Rg1 $1 c6 49. Rg6 Ng5+ 50. Rxg5 Bxg5
51. Nxc5 Bh4 52. Bd4 $4 (52. Nd3 c5 53. Ke3 Ke6 54. Nxc5+ Kf5 55. Ne4 (55. Nd3
Bg5+) 55... Rd1 56. Nc5 $11) (52. Kxf3 Rd2 53. Bc1 Rxf2+ 54. Kg4 Rf1 55. Bd2
Be1 56. Bxe1 Rxe1 57. Nd3 $11) 52... Rxd4+ $19) 48... Bxe1 49. Rxe1 Rd2 50. Bc1
Rxf2 (50... Re2+ $2 51. Rxe2 fxe2 52. Bd2 Nd4 53. Kd3 Nxb3 54. Kxe2 Nd4+ 55.
Ke3 $11) 51. Rh1 Re2+ $1 (51... Nd4 52. Be3 $1 (52. Bg5+ $2 Kd7 53. Be3 Re2 54.
Rh7+ Ke8 $1 $19 (54... Kc6 $2 55. Rf7)) 52... Re2 53. Kd3 Nxb3 54. Rf1 Nd4 55.
Rxf3 Nxf3 56. Kxe2 Nd4+ 57. Kd3 Ke6 58. Ke4 $11 {This was the endgame I was
rightfully not so sure about.}) 52. Kxf3 Rxe5 $2 {This was the worst move} (
52... Nd4+ 53. Kf4 Nxb3 54. Be3 Nd4 55. Rh7+ (55. Bxd4 cxd4 56. c5 b3 $19)
55... Kd8 56. Rh8+ Kd7 57. Rh7+ Kc6 58. Rh6+ Kb7 59. e6 Kc6 60. e7+ Kd7 61. Rh5
Ke8 $1 $19 (61... Kxe7 62. Re5+ Ne6+ 63. Kf5 Kd7 64. Rxe6 b3 $19)) 53. Rh7+ (
53. Be3 Nd4+ 54. Kf4 Re6 55. Rb1 $15) 53... Kd8 $1 (53... Kd6 $2 54. Bf4 Nxf4
55. Kxf4 $11 {gives White a draw too easily.}) 54. Be3 Nd4+ 55. Kf4 Re6 56. Rh5
$2 {This seemingly attacking move loses right away.} (56. Rh1 Nxb3 (56... Kd7
57. Bxd4 (57. Rd1 Rd6 58. Rb1 $15) 57... cxd4 58. Rd1 c5 59. Rd3 $11) 57. Rb1
Nd4 58. Bxd4 cxd4 59. Rxb4 c5 60. Rb5 Rd6 61. Kf3 $1 d3 62. Rb1 $11) 56... Nxb3
$19 57. Bxc5 $2 {The final mistake which make things way too easy.} Nxc5 $1 (
57... Rc6 $2 58. Rd5+ (58. Bxb4 Rxc4+) 58... Kc8 59. Be7 Rxc4+ 60. Ke5 (60. Ke3
c5) 60... c5 61. Rd6 $1 Kc7 62. Rh6 $17 {and all of a sudden things are not
that easy.}) 58. Rxc5 b3 $1 {Dr. Tarrasch's maxim of the rook behind the
passer decides the game at once.} 59. Rh5 b2 60. Rh1 Rb6 61. Rb1 Kd7 62. Ke4
Kc6 63. Kd4 (63. Kd3 Kc5 64. Kc3 Rb8 $22 $19) 63... Rb3 (63... Rb3 64. c5 Kb5 (
64... Rb4+ 65. Kc3 Kxc5 $19) 65. Kd5 c6+ 66. Kd6 Rb4 $19) 0-1

[Event "Rubinstein Memorial 33rd"]
[Site "Polanica Zdroj"]
[Date "1996.??.??"]
[Round "11"]
[White "Huebner, Robert"]
[Black "Beliavsky, Alexander G"]
[Result "0-1"]
[WhiteElo "2595"]
[BlackElo "2620"]
[Annotator "Beliavsky,A"]
[PlyCount "90"]
[EventDate "1996.08.15"]
[EventType "tourn"]
[EventRounds "11"]
[EventCountry "POL"]
[EventCategory "15"]
[SourceTitle "CBM 055"]
[Source "ChessBase"]
[SourceDate "1996.12.01"]
[SourceVersion "1"]
[SourceVersionDate "1996.12.01"]
[SourceQuality "1"]

1. e4 e5 2. Nf3 Nc6 3. Bb5 a6 4. Bxc6 dxc6 5. O-O f6 6. d4 Bg4 7. dxe5 Qxd1 8.
Rxd1 fxe5 9. Nbd2 $5 Bd6 $6 (9... O-O-O 10. Re1 Bd6 11. h3 Bxf3 (11... Bh5 12.
g4 Bf7 13. Ng5 $16) 12. Nxf3 Nf6 13. Bg5 Rhf8 $10) 10. h3 (10. Nc4 $5) 10...
Bh5 (10... Bxf3 11. gxf3 (11. Nxf3 Nf6 $10) 11... b5 12. Nb3 Ne7 13. Be3 Rf8
14. Kg2 Ng6 $132) 11. Nc4 (11. b3 Nf6 12. Bb2 O-O 13. Re1 Rae8 14. Nh4 g5 15.
Nf5 Bg6 16. g4 Bxf5 17. exf5 {1-0 Maljutin,E-Hiermann,D/Werfen op (04) ;EXT
92op 1992 (34)}) 11... Bxf3 12. gxf3 O-O-O (12... Ke7 13. f4 exf4 14. Nxd6 cxd6
15. Bxf4 $16) 13. Rd3 (13. Bg5 $16) 13... Nf6 14. Be3 (14. Bg5 $1) 14... Rhe8
15. Rad1 Re6 16. Bg5 (16. Bc5 Ne8 $13) 16... Be7 17. Rxd8+ Bxd8 18. f4 $2 (18.
Bh4 $5) (18. Ne3 $5) 18... exf4 19. f3 (19. Rxd8+ Kxd8 20. e5 h6 $17) 19... Be7
20. Bxf4 Nxe4 $1 $19 21. Re1 Ng5 22. Rxe6 Nxe6 23. Be5 b5 24. Ne3 Bd6 25. Bc3
g6 26. Kf1 Nf4 27. h4 Kd7 28. Ng4 Ke6 29. Bd2 Nd5 30. Nf2 Be7 31. Ne4 Bxh4 32.
Nc5+ Kd6 33. Nxa6 c5 34. a3 (34. b3 b4 35. Ke2 h5 $19) 34... c4 35. Nb4 c5 36.
Na2 (36. Nxd5 Kxd5 37. Bc3 Bg3 38. Kg2 Be5 $19) 36... Bf6 37. b3 cxb3 38. cxb3
h5 39. a4 bxa4 40. bxa4 Kc6 41. Ke2 c4 42. Nb4+ Nxb4 43. Bxb4 h4 44. f4 c3 45.
Kf3 c2 0-1